Frank Lloyd Wright : (Record no. 352334)

000 -LEADER
fixed length control field 01715 a2200289 4500
003 - CONTROL NUMBER IDENTIFIER
control field OSt
005 - DATE AND TIME OF LATEST TRANSACTION
control field 20260203100917.0
008 - FIXED-LENGTH DATA ELEMENTS--GENERAL INFORMATION
fixed length control field 120210t xxu||||| |||| 00| 0 eng d
010 ## - LIBRARY OF CONGRESS CONTROL NUMBER
LC control number 97061188
020 ## - INTERNATIONAL STANDARD BOOK NUMBER
International Standard Book Number 0789300982 (pbk.)
040 ## - CATALOGING SOURCE
Transcribing agency 0
082 ## - DEWEY DECIMAL CLASSIFICATION NUMBER
Classification number 720.92
245 00 - TITLE STATEMENT
Title Frank Lloyd Wright :
Remainder of title master builder /
Statement of responsibility, etc. text by Bruce Brooks Pfeiffer ; edited by David Larkin and Bruce Brooks Pfeiffer.
250 ## - EDITION STATEMENT
Edition statement Rev. ed.
260 ## - PUBLICATION, DISTRIBUTION, ETC.
Place of publication, distribution, etc. New York :
Name of publisher, distributor, etc. Universe,
Date of publication, distribution, etc. 1997.
300 ## - PHYSICAL DESCRIPTION
Extent 240 p. :
Other physical details col. ill. ;
Dimensions 21 cm.
500 ## - GENERAL NOTE
General note Revision of: Frank Lloyd Wright : the masterworks. New York : Rizzoli, 1993.
505 ## - FORMATTED CONTENTS NOTE
Formatted contents note Instructor: Developing a Structure and Terminology for Basic Visual Studies 1.Historical Influences on Visual Education 2. The Problem-Solving Process and Form Generation Model 3.Drawing as a Means of Communicating 4 .Formal Drawing Systems 5. The Visual Elements of Form: Point, Line, Plane and Shape 6 .Volume and Structure 7. The Visual and Physical Attributes of Form 8. Color 9. Space, Depth and Distance 10. Perception of Figure and Form 11. Perceptual Principles 12. Symmetry and Dynamic Symmetry .Appendix .Credits .Inde .
600 10 - SUBJECT ADDED ENTRY--PERSONAL NAME
Personal name Wright, Frank Lloyd,
Dates associated with a name 1867-1959
General subdivision Criticism and interpretation.
9 (RLIN) 32293
650 #0 - SUBJECT ADDED ENTRY--TOPICAL TERM
Topical term or geographic name entry element Architecture
Geographic subdivision United States
General subdivision History
Chronological subdivision 20th century.
9 (RLIN) 32294
700 1# - ADDED ENTRY--PERSONAL NAME
Personal name Larkin, David.
9 (RLIN) 32295
700 1# - ADDED ENTRY--PERSONAL NAME
Personal name Pfeiffer, Bruce Brooks.
9 (RLIN) 32296
856 42 - ELECTRONIC LOCATION AND ACCESS
Materials specified Contributor biographical information
Uniform Resource Identifier <a href="http://www.loc.gov/catdir/bios/hol054/97061188.html">http://www.loc.gov/catdir/bios/hol054/97061188.html</a>
856 42 - ELECTRONIC LOCATION AND ACCESS
Materials specified Publisher description
Uniform Resource Identifier <a href="http://www.loc.gov/catdir/description/hol042/97061188.html">http://www.loc.gov/catdir/description/hol042/97061188.html</a>
942 ## - ADDED ENTRY ELEMENTS (KOHA)
Institution code [OBSOLETE] SADA
Koha item type Book
Call number prefix 720.92 FRA 1997
Source of classification or shelving scheme
Holdings
Withdrawn status Lost status Source of classification or shelving scheme Damaged status Not for loan Permanent Location Current Location Date acquired Total Checkouts Full call number Barcode Date last seen Date last checked out Cost, replacement price Price effective from Koha item type
          School of Art Design and Architecture (SADA) School of Art Design and Architecture (SADA) 08/31/2010 2 720.92 FRA 1997 SADA0000110 06/04/2012 05/24/2012 1720.00 08/05/2011 Book
© 2023 Central Library, National University of Sciences and Technology. All Rights Reserved.